| 000 | 00867nam a2200253 a 4500 | ||
|---|---|---|---|
| 001 | adlib96000001 | ||
| 003 | ViArRB | ||
| 005 | 200902210153555.7 | ||
| 008 | 960221s1955 dcuabcdjdbkoqu001 0deng d | ||
| 020 | _a0-375-70711-5 | ||
| 022 | _a | ||
| 040 | _aAdlib | ||
| 082 | _a535.311 | ||
| 245 | _aShadows: unlocking their secrets, from Plato to our time | ||
| 250 | _a | ||
| 260 |
_aNew York _bVintage Books _c2004 |
||
| 300 |
_aviii, 230p. _c |
||
| 500 | _a Orginally published as The Sahdow Club | ||
| 100 |
_aCasati, Roberto _e |
||
| 700 |
_aAsher, Abigail _a |
||
| 942 | _cBK | ||
| 653 |
_aShadows- Optics _aLight _aPhotometry _aOptics _aColour _aOptical storage devices _aSpectrum analysis _aPhosphoresence _aSpectroscopy _aPhysics |
||
| 952 |
_w2010-06-16 _p00053582 _r2011-01-10 _40 _00 _bUL _10 _o535.311 CAS _d2010-06-16 _70 _yBK _s2011-01-06 _l1 _aUL |
||
| 999 |
_c49551 _d49550 |
||